000
00220nam a22000857a 4500
008
161128b xxu||||| |||| 00| 0 eng d
100
_9
1500
_a
Singh.A.K.
245
_a
Problems in General Physics
260
_a
New Delhi
_b
CBS
_c
2008
999
_c
4227
_d
4227